Famous People Named Emily - Statistics

General Stats
  • This quiz has been taken 67 times
  • The average score is 3 of 9
Answer Stats
Clue Famous Emily % Correct
Devil Wears Parada, Dan in Real Life Emily Blunt
81%
Created the gothic characters Heathcliff and Catherine Emily Bronte
76%
I'm Nobody! Who are you? Emily Dickinson
44%
Etiquette expert Emily Post
32%
Dr. Temperance Brennan Emily Deschanel
29%
Starred as Jacqueline du Pre in "Hilary and Jackie" Emily Watson
26%
British militant suffragette who stepped in front of King George's horse Emily Davison
18%
"Chick lit" author of Something Borrowed, among others Emily Giffin
10%
Nobel Peace Prize recipient, author of "Our Slavic Fellow-Citizens" Emily Greene Balch
5%
No matching quizzes found
Score Distribution
Percent of People with Each Score
Percentile by Number Answered
Your Score History
You have not taken this quiz